书目信息 |
| 题名: |
招贴设计
|
|
| 作者: | 林家阳 著 | |
| 分册: | ||
| 出版信息: | 北京 高等教育出版社 2008 |
|
| 页数: | 211页 | |
| 开本: | 26cm | |
| 丛书名: | ||
| 单 册: | ||
| 中图分类: | J218.1 | |
| 科图分类: | ||
| 主题词: | 宣传画--设计--教材 , 宣传画 | |
| 电子资源: | ||
| ISBN: | 978-7-04-022500-6 | |
| 000 | 00980nam0 2200277 45 | |
| 001 | 1132117109 | |
| 005 | 20110310102950.35 | |
| 010 | @a978-7-04-022500-6@dCNY39.80 | |
| 100 | @a20110108e20102008em y0chiy0120 ea | |
| 101 | 0 | @achi |
| 102 | @aCN@b110000 | |
| 105 | @aa z 000yy | |
| 106 | @ar | |
| 200 | 1 | @a招贴设计@AZhao Tie She Ji@dPoster design@f林家阳著@FLin Jia Yang Zhu@zeng |
| 210 | @a北京@c高等教育出版社@d2008@h2010 | |
| 215 | @a211页@c图@d26cm@e附光盘1片 | |
| 300 | @aArt design新思维设计系列教材 | |
| 307 | @a附光盘:ISBN 978-7-89489-692-6 | |
| 330 | @a本书设七个二级标题,涵盖了现代招贴设计发展百年的历史;辐射了欧、亚、美三大洲的精英招贴;包括了传统绘画、现代艺术和招贴设计,并把招贴历史与文化史、艺术史、科学技术的发展相联系。 | |
| 510 | 1 | @aPoster design@zeng |
| 606 | 0 | @a宣传画@x设计@j教材 |
| 606 | 0 | @a宣传画 |
| 690 | @aJ218.1@v4 | |
| 701 | 0 | @a林家阳@ALin Jia Yang@4著 |
| 801 | 0 | @aCN@bTANGWEI@c20110310 |
| 905 | @b0532799-803@dJ218.1@e584@f5 | |
| 招贴设计=Poster design/林家阳著.-北京:高等教育出版社,2008(2010) |
| 211页:图;26cm+附光盘1片 |
| Art design新思维设计系列教材 |
| ISBN 978-7-04-022500-6:CNY39.80 |
| 本书设七个二级标题,涵盖了现代招贴设计发展百年的历史;辐射了欧、亚、美三大洲的精英招贴;包括了传统绘画、现代艺术和招贴设计,并把招贴历史与文化史、艺术史、科学技术的发展相联系。 |
| ● |
| 相关链接 |
|
|
|
|
正题名:招贴设计
索取号:J218.1/584
 
预约/预借
| 序号 | 登录号 | 条形码 | 馆藏地/架位号 | 状态 | 备注 |
| 1 | 0532799 | 205327993 | 第一样本阅览室/ [索取号:J218.1/584] | 在馆 | |
| 2 | 0532800 | 205328000 | 第一借阅区/ [索取号:J218.1/584] | 在馆 | |
| 3 | 0532801 | 205328019 | 第一借阅区/ [索取号:J218.1/584] | 在馆 | |
| 4 | 0532802 | 205328028 | 第一借阅区/ [索取号:J218.1/584] | 在馆 | |
| 5 | 0532803 | 205328037 | 密集书库-美术系/ [索取号:J218.1/584] | 在馆 |